| 000 | 00619nam a22001937a 4500 | ||
|---|---|---|---|
| 003 | 0 | ||
| 005 | 20250827094217.0 | ||
| 008 | 250827b xxu||||| |||| 00| 0 eng d | ||
| 020 | _a978-1-03-227755-4 | ||
| 050 |
_aPN 1992.7 _b.B67 2025 |
||
| 100 |
_aBorgh, Simon van der, _eauthor. |
||
| 245 |
_aScene-writing for film and tv / _cSimon van der Borgh. |
||
| 260 |
_aNew York, NY : _bRoutledge, _c2025. |
||
| 300 |
_aviii, 291 pages : _billustrations ; _c24 cm. |
||
| 504 | _aIncludes bibliographical references and index. | ||
| 650 | _aTelevision authorship. | ||
| 650 | _aMotion picture authorship. | ||
| 942 |
_2lcc _cBK |
||
| 999 |
_c367627 _d367627 |
||